[Event "Défi"]
[Site "www.echecsemail.com"]
[Date "2026.02.10"]
[Round "1"]
[White "Cocodou"]
[Black "Mais"]
[WhiteElo "1650"]
[BlackElo "2000"]
[Result "0-1"]
1.c4 e5
2.e4 Bf8b4
3.a3 Bb4c5
4.Ng1f3 Nb8c6
5.d3 d6
6.h3 h6
7.Bf1e2 Bc8e6
8.O-O Qd8d7
9.Kh2 g5
10.Nb1c3 g4
11.hxg4 Be6xg4
12.Nf3g1 Bg4xe2
13.Qd1xe2 Nc6d4
14.Qe2d1 Ng8f6
15.Ng1h3 a6
16.Bc1e3 Nf6g4
17.Kg1 Ng4xe3
18.fxe3 Nd4e6
19.Qd1d2 c6
20.Qd2f2 Ne6g5
21.Qf2g3 Ng5xh3
22.gxh3 O-O-O
23.Kh2 Rd8g8
24.Qg3f3 Rg8g7
25.Rf1g1 Rh8g8
26.Rg1xg7 Rg8xg7
27.Ra1g1 Rg7xg1
28.Kxg1 f6
29.Kg2 Qd7g7
30.Kh2 Qg7g5
31.Nc3d1 a5
32.Qf3g4 Kd8
33.Qg4xg5 hxg5
34.Kg3 Ke7
35.Kf3 Kf7
36.Nd1c3 Kg6
37.Nc3d1 Kh5
38.Kg3 Bc5b6
39.b3 Bb6c5
40.a4 Bc5b6
41.Kf3 Bb6c5
42.Nd1f2 Bc5b6
43.Nf2g4 Kg6
44.Kg3 c5
45.h4 gxh4
46.Kxh4 Bb6d8
47.Kg3 b6
48.Kh4 f5
49.Kg3 fxg4
50.Kxg4 Bd8g5
51.Kf3 Kh5
52.Ke2 Kg4
53.Kf2 Bg5h4
54.Ke2 Kg3
55.d4 Bh4f6
56.d5 Kg2
57.Kd3 Kf3
58.Kd2 Bf6g5
59.Kd3 Bg5xe3
{ abandon }0-1

[Event "Coupe Niveau 4"]
[Site "www.echecsemail.com"]
[Date "2026.02.10"]
[Round "1"]
[White "Patau"]
[Black "Elghribi"]
[WhiteElo "1650"]
[BlackElo "1910"]
[Result "1-0"]
1.e4 d6
2.d4 Ng8f6
3.Bf1d3 g6
4.f4 Bf8g7
5.h3 O-O
6.Ng1f3 Nb8c6
7.O-O Nf6d7
8.Bc1e3 e5
9.fxe5 dxe5
10.dxe5 Nd7xe5
11.Nb1c3 h6
12.Nf3xe5 Nc6xe5
13.Nc3d5 c6
14.Nd5c3 Ne5xd3
15.Qd1xd3 Bc8e6
16.Ra1d1 Qd8e7
17.Qd3d6 Qe7h4
18.Be3f2 Qh4g5
19.Bf2e3 Qg5h5
20.Qd6c7 Ra8b8
21.Be3xa7 { abandon }1-0

[Event "Jean 8"]
[Site "www.echecsemail.com"]
[Date "2026.02.10"]
[Round "1"]
[White "Pgo"]
[Black "4x4"]
[WhiteElo "1760"]
[BlackElo "1450"]
[Result "1-0"]
1.e4 e5
2.Bf1c4 d6
3.Ng1f3 Bc8e6
4.Bc4xe6 fxe6
5.O-O Qd8d7
6.d4 Nb8c6
7.d5 exd5
8.Qd1xd5 O-O-O
9.Bc1g5 Ng8f6
10.Bg5xf6 gxf6
11.Nb1c3 Nc6e7
12.Qd5b3 b6
13.Nc3d5 Ne7xd5
14.Qb3xd5 c6
15.Qd5d3 Kb7
16.Ra1d1 Bf8e7
17.c4 Rh8g8
18.b4 Qd7g4
19.g3 f5
20.Rf1e1 Be7h4
21.Nf3xh4 Qg4xh4
22.Kh1 Qh4h3
23.Qd3f3 f4
24.Qf3g2 Qh3xg2
25.Kxg2 h5
26.Kh1 f3
27.Rd1d3 c5
28.b5 Rd8f8
29.Rd3xd6 Rg8g7
30.Rd6e6 Rg7g5
31.h4 Rg5g7
32.Re6xe5 Rf8h8
33.Re5f5 Rg7d7
34.Rf5xf3 Rd7d2
35.Re1a1 Rd2d4
36.Rf3f7 Kb8
37.a4 Rd4xe4
38.Ra1c1 Rh8d8
39.Kg2 Rd8d4
40.Rf7f5 Rd4xc4
41.Rc1xc4 Re4xc4
42.Rf5xh5 Rc4xa4
43.Rh5f5 Ra4b4
44.h5 Rb4xb5
45.h6 Rb5b4
46.h7 Rb4e4
47.h8Q Kb7
48.Rf5f7 Ka6
49.Qh8a1 Kb5
50.Rf7xa7 Kc6
51.Qa1f6 Kd5
52.Qf6xb6 Re4b4
53.Ra7d7 Ke4
54.Qb6xc5 Rb4b3
55.Qc5d4 Kf5
56.Qd4d5 Kf6
57.Qd5xb3 Kf5
58.Qb3e3 Kf6
59.Rd7e7 Kf5
60.Re7f7 Kg6
61.Qe3e6 Kg5
62.f4 Kh5
63.Rf7h7 1-0

[Event "Tournoi n27437"]
[Site "www.echecsemail.com"]
[Date "2026.02.10"]
[Round "1"]
[White "Alain64"]
[Black "Carrighir"]
[WhiteElo "2060"]
[BlackElo "2100"]
[Result "1-0"]
1.f4 d5
2.Ng1f3 e6
3.e3 Ng8f6
4.b3 g6
5.Bc1b2 Bf8g7
6.d4 O-O
7.Bf1d3 c5
8.O-O Nb8c6
9.Nb1d2 cxd4
10.exd4 Qd8c7
11.Nf3e5 a5
12.Nd2f3 Nc6b4
13.c4 Nb4xd3
14.Qd1xd3 b6
15.Rf1c1 Qc7a7
16.Kh1 Bc8a6
17.Qd3e3 Ra8c8
18.Bb2a3 Rf8d8
19.Nf3g5 Rc8c7
20.Ne5xf7 Rc7xf7
21.Qe3xe6 Qa7d7
22.Qe6xb6 Ba6b7
23.Ng5xf7 Qd7xf7
24.c5 Nf6e4
25.Qb6xd8 Qf7f8
26.Qd8xf8 Bg7xf8
27.c6 Bb7c8
28.Ba3xf8 Kxf8
29.a3 Ke7
30.b4 axb4
31.axb4 { abandon }1-0

[Event "Eq:Les Rois du Succes-Royal Kids :"]
[Site "www.echecsemail.com"]
[Date "2026.02.10"]
[Round "1"]
[White "Shoryuken59"]
[Black "Regor"]
[WhiteElo "2090"]
[BlackElo "2000"]
[Result "1-0"]
1.c4 Ng8f6
2.Nb1c3 g6
3.d4 Bf8g7
4.Ng1f3 O-O
5.e4 d6
6.Bf1d3 c6
7.O-O Nb8a6
8.a3 Na6c7
9.h3 a6
10.c5 dxc5
11.dxc5 Nc7e6
12.Bc1e3 Nf6d7
13.Nc3a4 Ra8b8
14.Qd1c2 Qd8c7
15.Ra1b1 Nd7e5
16.Nf3xe5 Bg7xe5
17.Na4b6 Rf8d8
18.Qc2c1 Be5d4
19.b4 Ne6g7
20.Be3xd4 Rd8xd4
21.Qc1c3 Ng7e6
22.f4 Qc7d8
23.Rb1d1 Ne6c7
24.Bd3c2 Rd4xd1
25.Rf1xd1 Qd8e8
26.Qc3e5 Bc8e6
27.Qe5xc7 h5
28.f5 gxf5
29.exf5 Be6d5
30.Qc7g3 Kf8
31.Nb6xd5 cxd5
32.Rd1xd5 f6
33.Qg3g6 Qe8xg6
34.fxg6 { abandon }1-0

[Event "Défi"]
[Site "www.echecsemail.com"]
[Date "2026.02.10"]
[Round "1"]
[White "Castor"]
[Black "Claudius94"]
[WhiteElo "1330"]
[BlackElo "1840"]
[Result "0-1"]
1.d4 d5
2.c4 dxc4
3.e4 e6
4.Nb1c3 Nb8c6
5.Ng1f3 Bf8e7
6.Bf1xc4 Ng8f6
7.O-O O-O
8.Bc1e3 Nc6a5
9.Bc4d3 a6
10.Be3d2 b5
11.e5 Nf6d5
12.Bd3e4 c6
13.Nc3e2 Na5c4
14.Bd2c1 Bc8b7
15.Be4d3 Ra8c8
16.a3 c5
17.b3 Nc4b6
18.Ne2f4 cxd4
19.Nf3xd4 Nd5xf4
20.Bc1xf4 Qd8d5
21.Bf4e3 Qd5xg2
0-1

[Event "La Diagonale du fou 9"]
[Site "www.echecsemail.com"]
[Date "2026.02.10"]
[Round "1"]
[White "Gimick"]
[Black "Blackbishop"]
[WhiteElo "1540"]
[BlackElo "1830"]
[Result "1/2-1/2"]
1.e4 e5
2.Ng1f3 Nb8c6
3.Bf1c4 Ng8f6
4.d3 Bf8c5
5.Nf3g5 d5
6.Bc4b3 Nc6a5
7.Nb1c3 Na5xb3
8.axb3 Bc5b4
9.Bc1d2 Bb4xc3
10.Bd2xc3 d4
11.Bc3d2 O-O
12.c3 c5
13.b4 b6
14.bxc5 bxc5
15.c4 h6
16.Ng5f3 Bc8g4
17.h3 Bg4xf3
18.Qd1xf3 Qd8b6
19.Ra1b1 Kh8
20.O-O Nf6h7
21.b4 Qb6f6
22.Qf3g4 Ra8c8
23.b5 Rc8b8
24.Qg4d7 Rb8a8
25.Qd7c7 Rf8c8
26.Qc7a5 Qf6b6
27.Qa5a3 Nh7g5
28.Bd2xg5 hxg5
29.Qa3c1 f6
30.Qc1d1 g6
31.Qd1d2 Kg7
32.g4 Rc8h8
33.Kg2 Qb6b7
34.Rf1h1 Rh8h4
35.Rb1a1 Qb7b6
36.Ra1a6 Qb6b7
37.Qd2e2 Ra8c8
38.Rh1b1 Rh4h8
39.Qe2f3 Rh8f8
40.Qf3g3 Rf8f7
41.h4 Qb7b8
42.hxg5 fxg5
43.Rb1h1 Rf7f6
44.Rh1a1 Rf6xa6
45.Ra1xa6 Rc8e8
46.f3 Kf7
47.Qg3h2 Re8h8
48.Qh2g1 Rh8e8
49.Qg1d1 Re8e6
50.Ra6a5 Re6b6
51.Qd1h1 Kg7
52.Qh1h2 { nul }1/2-1/2

[Event "Tournoi n27366"]
[Site "www.echecsemail.com"]
[Date "2026.02.10"]
[Round "1"]
[White "Jlr"]
[Black "Roxane"]
[WhiteElo "1370"]
[BlackElo "1450"]
[Result "0-1"]
1.e4 d5
2.exd5 Ng8f6
3.Bf1b5 Bc8d7
4.Qd1e2 Nf6xd5
5.Qe2c4 Nd5b6
6.Bb5xd7 Nb8xd7
7.Qc4b4 e6
8.Qb4e4 Nd7c5
9.Qe4f3 Bf8d6
10.d4 Nc5d7
11.h4 Nd7f6
12.Qf3xb7 O-O
13.Ng1f3 Bd6b4
14.c3 Bb4e7
15.Bc1f4 Nb6c4
16.Bf4xc7 Qd8c8
17.Qb7xc8 Rf8xc8
18.Bc7g3 Nc4xb2
19.Kd2 Nb2c4
20.Kd3 Nc4b2
21.Kc2 Nb2c4
22.Kb3 Nc4a5
23.Kc2 Nf6d5
24.Nf3e5 Na5c4
25.Kd3 Nc4xe5
26.Bg3xe5 f6
27.Be5g3 e5
28.Nb1d2 Rc8xc3
29.Ke4 Nd5b6
30.dxe5 Ra8d8
31.Nd2b1 Rc3c4
32.Kf3 fxe5
33.Bg3xe5 Nb6d5
34.Nb1d2 Rc4c2
35.Nd2e4 Rd8f8
36.Kg3 Rf8f5
37.Be5d4 a5
38.Kg4 Rf5f4
39.Kg3 Rf4xe4
40.Bd4a7 Rc2c3
41.f3 Be7d6
42.Kf2 Rc3c2
43.Kg1 Re4e7
44.Rh1h3 Re7xa7
45.a4 Bd6c5
46.Kh2 Nd5f4
47.Rh3g3 Nf4e2
48.Rg3g5 Bc5d6
49.Kh3 Ne2f4
50.Kh2 Nf4e6
51.Kh3 Ne6xg5
52.hxg5 Rc2c5
53.Kh4 Bd6e7
54.f4 Rc5c4
55.Kg4 Be7d6
56.g3 Ra7c7
57.Ra1e1 Rc4xa4
58.Kh5 g6
59.Kh6 Rc7c2
60.Re1e8 Kf7
61.Re8d8 Rc2h2
0-1

[Event "Coupe Niveau 4"]
[Site "www.echecsemail.com"]
[Date "2026.02.10"]
[Round "1"]
[White "Elghribi"]
[Black "Verson"]
[WhiteElo "1910"]
[BlackElo "1820"]
[Result "0-1"]
1.e4 e6
2.d4 d5
3.e5 c5
4.c3 Nb8c6
5.Bf1b5 Bc8d7
6.Bb5xc6 Bd7xc6
7.Ng1f3 Qd8b6
8.O-O cxd4
9.cxd4 Ng8e7
10.Nb1c3 Ne7f5
11.a3 Bf8e7
12.b4 O-O
13.Bc1b2 Ra8c8
14.Ra1c1 a5
15.bxa5 Qb6xb2
{ abandon }0-1

[Event "Tournoi échelle division 2"]
[Site "www.echecsemail.com"]
[Date "2026.02.10"]
[Round "1"]
[White "Patau"]
[Black "Bertelsen"]
[WhiteElo "1680"]
[BlackElo "1690"]
[Result "0-1"]
1.e4 e5
2.Ng1f3 d6
3.d4 exd4
4.Qd1xd4 c6
5.Bf1c4 Qd8f6
6.O-O Qf6xd4
7.Nf3xd4 Bf8e7
8.Nb1c3 Ng8f6
9.Bc1f4 h6
10.e5 Nf6h5
11.exd6 Nh5xf4
12.dxe7 Nf4e6
13.Ra1d1 Kxe7
14.Rf1e1 Rh8d8
15.f4 g6
16.f5 gxf5
17.Nd4xf5 Ke8
18.Nf5xh6 Rd8xd1
19.Nc3xd1 b5
20.Bc4e2 Nb8d7
21.Be2h5 Kf8
22.Nh6xf7 Nd7f6
23.Bh5g6 Kg7
24.Nf7e5 Ne6f4
25.Bg6d3 Nf4xd3
26.Ne5xd3 Bc8f5
27.Re1e7 Kf8
28.Re7c7 Bf5xd3
29.cxd3 Nf6d5
30.Rc7xc6 Nd5b4
31.Rc6c5 a6
32.Nd1f2 Nb4xa2
33.Nf2e4 Na2b4
34.Rc5h5 Kg7
35.Ne4d6 Nb4xd3
36.Rh5d5 Nd3xb2
37.Nd6f5 Kf6
38.g4 b4
39.h4 a5
40.Rd5b5 Ra8a6
41.Nf5d4 Nb2d3
42.g5 Kg6
43.Kg2 a4
44.Kg3 a3
45.Nd4b3 a2
46.Nb3a1 Ra6a3
47.Rb5b6 Kg7
48.h5 Nd3c1
49.Kf4 b3
50.Rb6b7 Kg8
51.h6 Nc1d3
52.Kf5 b2
53.h7 Kh8
54.g6 bxa1Q
{ abandon }0-1

[Event "Défi( 10J+24H/c 10J Max )"]
[Site "www.echecsemail.com"]
[Date "2026.02.10"]
[Round "1"]
[White "Poison"]
[Black "Artabam"]
[WhiteElo "1110"]
[BlackElo "1000"]
[Result "1-0"]
1.Nb1c3 e5
2.Ng1f3 Nb8c6
3.e4 d6
4.Bf1b5 Ng8e7
5.Bb5xc6 bxc6
6.d3 Ne7g6
7.Bc1e3 Bf8e7
8.d4 O-O
9.O-O Bc8a6
10.Rf1e1 Ba6c8
11.Nf3g5 h6
12.Ng5f3 Bc8a6
13.Re1f1 Ba6xf1
14.Kxf1 Ra8b8
15.Ra1b1 Be7f6
16.h3 Ng6e7
17.Nc3a4 d5
18.dxe5 Bf6g5
19.Be3xg5 hxg5
20.Nf3xg5 d4
21.Ng5f3 Ne7g6
22.Nf3xd4 Ng6xe5
23.f3 Rb8b4
24.c3 Rb4b7
25.f4 Qd8f6
26.f5 Ne5c4
27.Qd1d3 Nc4e5
28.Qd3a6 Rb7b8
29.Qa6xa7 Rb8d8
30.Qa7xc7 Qf6h4
31.Qc7xe5 Rd8a8
32.Nd4f3 Qh4h6
33.b3 Ra8d8
34.Qe5g3 Rd8d5
35.Qg3g5 Rd5d6
36.Qg5xh6 gxh6
37.Nf3d4 c5
38.Na4xc5 Rd6c6
39.Nd4xc6 Rf8e8
40.Rb1d1 Re8a8
41.Rd1d8 Ra8xd8
42.Nc6xd8 Kg7
43.a4 f6
44.a5 h5
45.a6 Kh6
46.a7 Kg5
47.a8Q Kh4
48.e5 fxe5
49.Qa8f3 Kg5
50.f6 Kh4
51.f7 e4
52.Qf3f4 1-0

[Event "Défi"]
[Site "www.echecsemail.com"]
[Date "2026.02.10"]
[Round "1"]
[White "Castor"]
[Black "Jlr"]
[WhiteElo "1360"]
[BlackElo "1430"]
[Result "0-1"]
1.d4 d5
2.c4 dxc4
3.e4 Ng8f6
4.Nb1c3 Nb8c6
5.Ng1f3 h6
6.Bf1xc4 Nf6g4
7.O-O e6
8.h3 h5
9.h4 a6
10.Bc4e2 b5
11.a3 Bc8b7
12.Bc1f4 b4
13.Nc3a4 Nc6a5
14.Nf3d2 Qd8xd4
15.Qd1e1 b3
16.Be2d1 Qd4xa4
17.Nd2xb3 Na5xb3
18.f3 Qa4d4
19.Kh1 Ng4f6
20.Bf4xc7 Qd4xb2
21.Bc7e5 Qb2xe5
22.Ra1b1 Nb3c5
23.Bd1c2 Bf8d6
24.f4 Qe5d4
25.Rb1d1 Qd4b2
26.Qe1f2 Nf6g4
27.Qf2e2 Bb7xe4
28.Rd1d2 Bd6xf4
29.Bc2xe4 Bf4xd2
30.Be4xa8 Qb2d4
31.Ba8c6 Ke7
32.Qe2f3 f5
33.Qf3e2 Ng4e3
34.Rf1b1 Rh8c8
35.Bc6f3 Qd4xh4
36.Kg1 Rc8d8
37.Bf3xh5 Nc5e4
38.Rb1b7 Kf6
39.Rb7f7 Ke5
40.Rf7xg7 Ne4g3
41.Qe2f3 Qh4h1
42.Kf2 Qh1e1
0-1

[Event "Tournoi n27436"]
[Site "www.echecsemail.com"]
[Date "2026.02.10"]
[Round "1"]
[White "Desaintfegor"]
[Black "Odemevol"]
[WhiteElo "1810"]
[BlackElo "1950"]
[Result "1-0"]
1.d4 Ng8f6
2.c4 g6
3.Nb1c3 d5
4.Ng1f3 c6
5.Bc1f4 Bf8g7
6.Bf4xb8 Ra8xb8
7.e3 Bc8g4
8.Bf1e2 O-O
9.O-O Bg4xf3
10.gxf3 g5
11.Kh1 dxc4
12.Be2xc4 b5
13.Bc4b3 b4
14.Nc3e2 Qd8d6
15.Ne2g3 e5
16.dxe5 Qd6xe5
17.Qd1d4 Qe5xd4
18.exd4 Rf8d8
19.Ng3f5 Bg7f8
20.Rf1g1 h6
21.h4 Kh7
22.hxg5 hxg5
23.Rg1xg5 Bf8h6
24.Nf5xh6 Kxh6
25.Ra1g1 Rd8d7
26.f4 Nf6e4
27.Rg5g2 Ne4f6
28.f5 Rb8b5
29.Rg2h2 Nf6h5
30.d5 Rb5c5
31.Bb3d1 { abandon }1-0

[Event "Défi( 10J+24H/c 10J Max )"]
[Site "www.echecsemail.com"]
[Date "2026.02.10"]
[Round "1"]
[White "Temistocles"]
[Black "Pitouwb"]
[WhiteElo "1470"]
[BlackElo "1540"]
[Result "0-1"]
1.Ng1f3 d5
2.d4 Ng8f6
3.Bc1g5 Bc8g4
4.Nf3e5 Nf6e4
5.f3 f6
6.fxg4 fxe5
7.Bg5e3 e6
8.dxe5 Qd8h4
9.g3 Ne4xg3
10.Be3f2 Qh4xg4
11.hxg3 Nb8c6
12.Bf1h3 Qg4e4
13.Bh3xe6 Qe4xh1
14.Kd2 Qh1e4
15.Kc1 Qe4xe5
16.Be6xd5 O-O-O
17.c4 Bf8e7
18.Qd1a4 Qe5xe2
19.Bf2xa7 Be7g5
20.Nb1d2 Qe2xd2
21.Kb1 Qd2c1
0-1

[Event "Défi( 10J+24H/c 10J Max )"]
[Site "www.echecsemail.com"]
[Date "2026.02.10"]
[Round "1"]
[White "Bertelsen"]
[Black "Hberlioz"]
[WhiteElo "1720"]
[BlackElo "1660"]
[Result "0-1"]
1.d4 d5
2.Nb1c3 Ng8f6
3.Ng1f3 Bc8g4
4.h3 Bg4h5
5.g4 Bh5g6
6.Nf3e5 Nf6e4
7.Ne5xg6 hxg6
8.Nc3xe4 dxe4
9.e3 Nb8c6
10.Bc1d2 f5
11.Qd1e2 f4
12.O-O-O f3
13.Qe2c4 Qd8d7
14.Bd2b4 Nc6xb4
15.Qc4xb4 O-O-O
16.Qb4c5 Kb8
17.Bf1b5 c6
18.Qc5e5 Ka8
19.Bb5a4 Qd7d5
20.Qe5xd5 cxd5
21.Ba4b3 e6
22.c4 Bf8e7
23.Kb1 Rh8h4
24.c5 Rd8h8
25.Bb3a4 Rh4xh3
26.Rh1g1 Be7h4
27.Ba4d7 Bh4xf2
28.Rg1f1 Bf2xe3
29.Bd7xe6 Rh8d8
30.Be6f7 g5
31.Kc2 Rh3h2
32.Kb3 Rh2g2
33.Bf7e6 f2
34.Kb4 Rg2g1
35.Kc3 Rg1xf1
36.Rd1xf1 Rd8f8
37.Be6xd5 Rf8f4
38.Bd5e6 a5
39.a3 Ka7
40.b4 axb4
41.axb4 Kb8
42.Kc4 Be3d2
43.b5 e3
44.Kd3 Rf4e4
45.Rf1h1 Re4xe6
46.b6 Re6h6
47.Rh1f1 Rh6f6
48.Rf1h1 f1Q
49.Rh1xf1 Rf6xf1
50.d5 Rf1f7
51.c6 bxc6
52.dxc6 Rf7f6
53.c7 Kb7
54.Ke2 Rf6c6
55.c8Q Kxc8
56.b7 Kxb7
{ abandon }0-1

[Event "Défi( 10J+24H/c 10J Max )"]
[Site "www.echecsemail.com"]
[Date "2026.02.10"]
[Round "1"]
[White "Marathonman"]
[Black "Titit1"]
[WhiteElo "2080"]
[BlackElo "1460"]
[Result "1-0"]
1.e4 c6
2.d4 d5
3.Nb1c3 e6
4.Ng1f3 Bf8b4
5.Bc1d2 Nb8d7
6.a3 Bb4a5
7.e5 h6
8.Bf1d3 Qd8b6
9.Nc3a4 Ba5xd2
10.Qd1xd2 Qb6c7
11.O-O Ng8e7
12.b4 a6
13.Na4c5 Nd7xc5
14.bxc5 O-O
15.a4 Qc7d8
16.Nf3h4 Ne7g6
17.Nh4xg6 Rf8e8
18.Ng6f4 g6
19.Nf4e2 g5
20.Ne2g3 Kh8
21.Ng3h5 Re8e7
22.Nh5f6 Re7c7
23.f4 Qd8f8
24.fxg5 h5
25.Qd2e2 Bc8d7
26.Qe2xh5 Kg7
27.Qh5h7 1-0

[Event "Défi"]
[Site "www.echecsemail.com"]
[Date "2026.02.10"]
[Round "1"]
[White "Verson"]
[Black "Arno"]
[WhiteElo "1820"]
[BlackElo "1730"]
[Result "1-0"]
1.d4 Ng8f6
2.Ng1f3 e6
3.e3 c5
4.Bf1d3 Nb8c6
5.c3 d5
6.Nb1d2 Bf8d6
7.O-O Qd8c7
8.Rf1e1 O-O
9.Qd1e2 c4
10.Bd3c2 e5
11.dxe5 Nc6xe5
12.Nf3xe5 Bd6xe5
13.Nd2f3 Bc8g4
14.h3 Bg4xf3
15.Qe2xf3 Qc7c6
16.e4 dxe4
17.Bc2xe4 Nf6xe4
18.Qf3xe4 Rf8e8
19.Qe4xc6 bxc6
20.Bc1d2 Ra8d8
21.Ra1d1 Rd8xd2
22.Rd1xd2 Be5h2
23.Kf1 Re8xe1
24.Kxe1 { abandon }1-0

[Event "CHATURANGA"]
[Site "www.echecsemail.com"]
[Date "2026.02.10"]
[Round "1"]
[White "Legrillon"]
[Black "Leredoutable"]
[WhiteElo "1780"]
[BlackElo "1750"]
[Result "0-1"]
1.e4 e5
2.Ng1f3 Ng8f6
3.Bf1c4 d6
4.h3 Bf8e7
5.O-O O-O
6.d3 Bc8e6
7.Bc4xe6 fxe6
8.Bc1g5 Nb8d7
9.Nb1c3 Nd7b6
10.b3 Qd8d7
11.a4 h6
12.Bg5xf6 gxf6
13.Nf3h2 f5
14.f4 Kh7
15.Qd1d2 Rf8g8
16.Rf1f3 Be7h4
17.fxe5 dxe5
18.exf5 exf5
19.Qd2e2 Ra8e8
20.Ra1f1 f4
21.Qe2e4 Kh8
22.a5 Nb6c8
23.Qe4xb7 Nc8d6
24.Qb7xa7 Nd6f5
25.Nc3e4 Nf5e3
26.Rf3xe3 fxe3
27.Qa7xe3 Bh4g5
28.Qe3e2 Bg5f4
29.Nh2g4 Qd7d4
30.Kh1 Re8e6
31.c3 Qd4d8
32.d4 Qd8h4
33.Rf1f3 Rg8xg4
34.Kg1 Rg4g8
35.d5 Re6g6
36.Qe2f2 Qh4xf2
37.Rf3xf2 Bf4e3
{ abandon }0-1

[Event "Eq:Avalon-Royal Kids :"]
[Site "www.echecsemail.com"]
[Date "2026.02.10"]
[Round "1"]
[White "Panchoa"]
[Black "Skalfa"]
[WhiteElo "1640"]
[BlackElo "1810"]
[Result "0-1"]
1.e4 e5
2.Ng1f3 Nb8c6
3.Bf1b5 d6
4.O-O Bc8d7
5.Nb1c3 Ng8f6
6.Rf1e1 Bf8e7
7.Bb5xc6 Bd7xc6
8.d3 O-O
9.Nc3e2 h6
10.Ne2g3 Nf6h7
11.d4 exd4
12.Qd1xd4 Bc6d7
13.Re1d1 Be7f6
14.e5 Bf6e7
15.Rd1e1 dxe5
16.Nf3xe5 Bd7b5
17.Qd4g4 Nh7f6
18.Qg4f5 Qd8d4
19.Bc1e3 Qd4d5
20.b3 Bb5c6
21.Ra1d1 Qd5xg2
0-1

[Event "Tournoi n27257"]
[Site "www.echecsemail.com"]
[Date "2026.02.10"]
[Round "1"]
[White "Chomi64"]
[Black "Nicadria22"]
[WhiteElo "1860"]
[BlackElo "1940"]
[Result "1/2-1/2"]
1.d4 Ng8f6
2.Ng1f3 e6
3.Nb1c3 Bf8b4
4.Bc1d2 h6
5.e3 Nb8c6
6.Bf1d3 O-O
7.O-O a6
8.e4 d6
9.Nc3e2 Bb4xd2
10.Qd1xd2 e5
11.d5 Nc6e7
12.h3 c6
13.c4 cxd5
14.cxd5 b5
15.Ra1c1 Qd8b6
16.Rc1c2 Bc8b7
17.a3 Ra8c8
18.Rf1c1 Rc8xc2
19.Rc1xc2 Rf8c8
20.Rc2xc8 Bb7xc8
21.Qd2c3 Bc8d7
22.b4 Ne7g6
23.Nf3d2 Nf6h5
24.Bd3b1 Ng6f4
25.Qc3f3 Nf4xe2
26.Qf3xe2 Nh5f4
27.Qe2e3 Qb6d8
28.Nd2f3 Qd8f6
29.Nf3h2 Qf6g5
30.g4 h5
31.Qe3f3 hxg4
32.hxg4 Nf4xd5
33.Bb1a2 Nd5f4
34.Qf3d1 Qg5h6
35.Qd1f3 Bd7c6
36.Ba2d5 Nf4xd5
37.exd5 Qh6c1
38.Kg2 Bc6b7
39.Nh2f1 Qc1c4
40.Nf1e3 Qc4d3
41.Qf3f5 Bb7xd5
42.Ne3xd5 Qd3xd5
43.Kh2 Qd5c6
44.f3 Qc6e8
45.Qf5e4 Qe8b8
46.Qe4c6 Qb8a7
47.Qc6c8 Kh7
48.Qc8f5 g6
49.Qf5f6 Qa7d7
50.Qf6h4 Kg7
51.g5 Kf8
52.Qh4h8 Ke7
53.Qh8f6 { nul }1/2-1/2

[Event "5 octobre 2025"]
[Site "www.echecsemail.com"]
[Date "2026.02.10"]
[Round "1"]
[White "Titit1"]
[Black "Kaelstrum"]
[WhiteElo "1440"]
[BlackElo "1400"]
[Result "0-1"]
1.Ng1f3 Ng8f6
2.Nb1c3 d5
3.d4 Nb8c6
4.Bc1f4 Bc8f5
5.a3 e6
6.Nc3b5 Bf8d6
7.Bf4xd6 cxd6
8.e3 O-O
9.Bf1d3 Bf5g6
10.O-O a6
11.Nb5c3 Qd8d7
12.Bd3xg6 hxg6
13.Nc3e2 Nf6e4
14.Nf3d2 Ne4xd2
15.Qd1xd2 Qd7e7
16.Ne2g3 Ra8c8
17.c3 Nc6a5
18.b4 Na5c4
19.Qd2c1 Nc4b6
20.Qc1c2 Rc8c7
21.f4 Rf8c8
22.Qc2e2 Rc7xc3
23.Qe2f3 Qe7f6
24.h3 Nb6c4
25.Rf1e1 Nc4xa3
26.Ng3e2 Na3c2
27.Ne2xc3 Nc2xe1
28.Ra1xe1 Rc8xc3
29.Re1b1 Qf6f5
30.Rb1d1 Qf5c2
31.Rd1f1 Qc2b3
32.Rf1e1 Qb3xb4
33.h4 a5
34.g4 a4
35.h5 gxh5
36.gxh5 a3
37.f5 a2
38.Kh2 Rc3c2
39.Kg3 Rc2b2
40.Re1h1 Rb2b1
41.Rh1xb1 axb1Q
42.fxe6 fxe6
43.Kf4 Qb1f5
44.Kg3 Qf5xf3
45.Kxf3 Qb4c3
46.Kf4 b5
47.Kf3 b4
48.Kf4 Qc3e1
49.Kf3 b3
50.Kg4 b2
51.Kg5 Qe1g3
0-1

[Event "pour le plaisir  NOVEMBRE 2025"]
[Site "www.echecsemail.com"]
[Date "2026.02.10"]
[Round "1"]
[White "Petitlulu64"]
[Black "Janolapin"]
[WhiteElo "1720"]
[BlackElo "1680"]
[Result "1/2-1/2"]
1.e4 e5
2.Nb1c3 Ng8f6
3.Ng1f3 d6
4.Bf1e2 Bf8e7
5.O-O O-O
6.d3 b6
7.Bc1d2 Bc8b7
8.Nf3h4 Nf6xe4
9.dxe4 Be7xh4
10.Be2f3 Nb8c6
11.Nc3d5 Nc6e7
12.c4 Ne7xd5
13.cxd5 Bb7c8
14.a4 Bc8d7
15.b4 f5
16.g3 Bh4g5
17.Bd2xg5 Qd8xg5
18.Ra1c1 Ra8c8
19.b5 f4
20.Kh1 fxg3
21.fxg3 Rf8f7
22.Bf3g2 Bd7g4
23.Bg2f3 Bg4xf3
24.Rf1xf3 Qg5e7
25.Qd1e2 Rc8f8
26.Rc1f1 Rf7xf3
27.Rf1xf3 Rf8xf3
28.Qe2xf3 Qe7f7
29.Qf3e2 Qf7g6
30.Qe2c2 Qg6f7
31.Kg2 h6
32.Qc2c6 Qf7g6
33.Qc6c2 Qg6f7
34.Qc2e2 Qf7e8
35.h4 Qe8a8
36.Qe2g4 Qa8d8
37.Qg4e6 Kf8
38.Kh3 Qd8e8
39.Qe6f5 Kg8
40.h5 Kh8
41.g4 Kg8
42.Kh4 Qe8d8
43.Kg3 Qd8e8
44.Kh4 Qe8d8
45.g5 hxg5
46.Kg4 Qd8f6
47.Qf5xg5 Kf7
48.Qg5f5 Kg8
49.Qf5c8 Kh7
50.Qc8xc7 Qf6f4
51.Kh3 Qf4f3
52.Kh4 Qf3xe4
53.Kh3 Qe4f3
54.Kh4 Qf3f4
{ nul }1/2-1/2

[Event "GIRL"]
[Site "www.echecsemail.com"]
[Date "2026.02.10"]
[Round "1"]
[White "4x4"]
[Black "Mindthegap"]
[WhiteElo "1460"]
[BlackElo "1430"]
[Result "0-1"]
1.e4 e5
2.Ng1f3 Nb8c6
3.Nb1c3 Ng8f6
4.Bf1c4 Nf6xe4
5.Nc3xe4 d5
6.Bc4d3 dxe4
7.Bd3xe4 Bf8d6
8.Be4xc6 bxc6
9.Qd1e2 O-O
10.d3 f5
11.Bc1d2 Bc8a6
12.c4 e4
13.Nf3d4 Rf8e8
14.O-O-O Ra8b8
15.Nd4xc6 Qd8f6
16.Nc6xb8 Re8xb8
17.b3 Bd6a3
18.Kb1 Qf6b2
0-1

[Event "0402"]
[Site "www.echecsemail.com"]
[Date "2026.02.10"]
[Round "1"]
[White "Qsdmlk"]
[Black "Katastrofic"]
[WhiteElo "1460"]
[BlackElo "1470"]
[Result "1-0"]
1.d4 d5
2.Bc1g5 f6
3.Bg5f4 e6
4.Nb1c3 Bf8d6
5.Bf4xd6 Qd8xd6
6.e3 Ng8e7
7.Qd1h5 g6
8.Qh5h6 Ne7f5
9.Qh6h3 Bc8d7
10.O-O-O Nb8c6
11.g4 Nf5g7
12.Bf1g2 O-O-O
13.Ng1e2 g5
14.Qh3h6 Qd6f8
15.e4 Ng7e8
16.Qh6h3 dxe4
17.Nc3xe4 Ne8d6
18.Rd1d3 Nd6xe4
19.Bg2xe4 f5
20.Rd3f3 f4
21.Qh3h5 h6
22.h4 Bd7e8
23.Be4g6 Be8xg6
24.Qh5xg6 Qf8e8
25.Qg6d3 Nc6xd4
26.Ne2xd4 e5
27.Rh1e1 Rh8h7
28.Qd3xh7 Rd8xd4
29.Qh7xh6 e4
30.Rf3a3 gxh4
31.Qh6xh4 a6
32.f3 e3
33.g5 e2
34.Qh4f2 Qe8g6
35.Qf2xd4 Qg6xg5
36.Re1xe2 { abandon }1-0

[Event "Tournoi échelle"]
[Site "www.echecsemail.com"]
[Date "2026.02.10"]
[Round "1"]
[White "Eldiablo90"]
[Black "Alain64"]
[WhiteElo "2780"]
[BlackElo "2060"]
[Result "1-0"]
1.e4 e6
2.d4 d5
3.Nb1c3 Bf8b4
4.e5 c5
5.a3 Bb4xc3
6.bxc3 Qd8c7
7.h4 f6
8.Ng1f3 Nb8c6
9.Bc1f4 cxd4
10.exf6 Qc7xf4
11.fxg7 Bc8d7
12.gxh8Q O-O-O
13.cxd4 Ng8f6
14.Qh8xd8 Kxd8
15.Bf1e2 Nf6e4
16.h5 Ne4c3
17.Qd1d3 Nc3xe2
18.Qd3xe2 Nc6xd4
19.Nf3xd4 Qf4xd4
20.O-O { abandon }1-0

[Event "GIRL"]
[Site "www.echecsemail.com"]
[Date "2026.02.10"]
[Round "1"]
[White "4x4"]
[Black "Tartu"]
[WhiteElo "1460"]
[BlackElo "1720"]
[Result "0-1"]
1.e4 e5
2.Ng1f3 Nb8c6
3.Nb1c3 Ng8f6
4.Bf1c4 Bf8e7
5.d3 h6
6.Nc3d5 d6
7.Bc1e3 O-O
8.Qd1d2 a6
9.O-O-O b5
10.Nd5xf6 Be7xf6
11.Bc4b3 a5
12.a3 a4
13.Bb3a2 Bc8d7
14.Qd2c3 Ra8b8
15.Nf3d2 b4
16.axb4 Nc6xb4
17.b3 Nb4xa2
18.Kb2 axb3
19.Nd2xb3 Na2b4
20.h3 Bd7e6
21.g4 c5
22.Qc3d2 Rb8a8
23.Rd1b1 Ra8a2
24.Kc1 Ra2xc2
25.Qd2xc2 Nb4xc2
26.Kxc2 Be6xb3
27.Rb1xb3 Bf6g5
28.Rh1e1 Bg5xe3
29.fxe3 Qd8h4
30.Re1h1 Qh4f2
31.Kc3 Qf2xe3
32.Kc4 Qe3d4
33.Kb5 Rf8b8
34.Ka5 Rb8xb3
35.Rh1d1 Rb3xd3
36.Rd1b1 Rd3a3
37.Kb6 c4
38.Kc6 Qd4c5
39.Kd7 Ra3a7
40.Kd8 Qc5c7
41.Ke8 Qc7e7
0-1

[Event "Défi( 10J+24H/c 10J Max )"]
[Site "www.echecsemail.com"]
[Date "2026.02.10"]
[Round "1"]
[White "Mequinho"]
[Black "Titit1"]
[WhiteElo "1910"]
[BlackElo "1490"]
[Result "1-0"]
1.d4 d5
2.Ng1f3 Nb8c6
3.Bc1f4 Bc8f5
4.c3 Ng8f6
5.e3 h6
6.h3 e6
7.Bf1b5 Qd8d7
8.Nf3e5 Qd7d8
9.Ne5xc6 Qd8d7
10.Qd1a4 a6
11.Nc6e5 c6
12.Ne5xd7 Nf6xd7
13.Bb5e2 b5
14.Qa4d1 Bf8e7
15.Nb1d2 O-O
16.O-O c5
17.Ra1c1 c4
18.Nd2f3 a5
19.a4 b4
20.Nf3e5 Nd7xe5
21.dxe5 b3
22.Be2f3 Bf5c2
23.Rc1xc2 bxc2
24.Qd1xc2 Ra8b8
25.e4 dxe4
26.Bf3xe4 Rf8d8
27.Rf1b1 Be7c5
28.b4 axb4
29.cxb4 Bc5d4
30.Qc2xc4 Rb8c8
31.Qc4a2 Rc8c7
32.a5 Rd8c8
33.b5 Rc7c2
34.Be4xc2 Rc8c3
35.a6 Rc3c8
36.Bc2e4 Rc8c3
37.b6 Rc3c5
38.a7 Rc5c8
39.a8Q Rc8xa8
40.Qa2xa8 1-0

[Event "Coupe Niveau 4"]
[Site "www.echecsemail.com"]
[Date "2026.02.10"]
[Round "1"]
[White "Alain64"]
[Black "Senegaulois"]
[WhiteElo "2070"]
[BlackElo "1850"]
[Result "1-0"]
1.c4 Ng8f6
2.Nb1c3 g6
3.d4 Bf8g7
4.Ng1f3 O-O
5.e4 d6
6.Bf1d3 Bc8g4
7.O-O Nb8c6
8.Bc1e3 a6
9.h3 Bg4d7
10.a3 h6
11.Qd1d2 Kh7
12.Nf3h2 e5
13.d5 Nc6e7
14.f4 Ne7g8
15.fxe5 dxe5
16.b4 Nf6h5
17.Nc3e2 b6
18.g4 Nh5f6
19.c5 Bd7b5
20.g5 Nf6h5
21.gxh6 Ng8xh6
22.Bd3xb5 axb5
23.Nh2g4 Nh6g8
24.d6 f5
25.Ng4h2 f4
26.dxc7 Qd8g5
27.Kh1 Nh5g3
28.Ne2xg3 Qg5xg3
29.Be3f2 Qg3xh3
30.cxb6 Qh3c8
31.Rf1e1 Ng8f6
32.Qd2d3 Qc8b7
33.Nh2f3 Nf6g4
34.Bf2g1 g5
35.Nf3xg5 Kg6
36.Ng5h3 Ng4f6
37.Bg1h2 Qb7xb6
38.Re1g1 Kf7
39.Qd3b3 { abandon }1-0